Detalles MARC
| 000 -CABECERA |
| campo de control de longitud fija |
01988nam a2200289 i 4500 |
| 003 - IDENTIFICADOR DEL NÚMERO DE CONTROL |
| campo de control |
DO-SdBNP |
| 005 - FECHA Y HORA DE LA ÚLTIMA TRANSACCIÓN |
| campo de control |
20240626151749.0 |
| 007 - CAMPO FIJO DE DESCRIPCIÓN FÍSICA--INFORMACIÓN GENERAL |
| campo de control de longitud fija |
ta |
| 008 - DATOS DE LONGITUD FIJA--INFORMACIÓN GENERAL |
| campo de control de longitud fija |
240626b1987 ag o || 001 0 spa d |
| 020 ## - NÚMERO INTERNACIONAL ESTÁNDAR DEL LIBRO |
| Número Internacional Estándar del Libro |
950909773X |
| 040 ## - FUENTE DE LA CATALOGACIÓN |
| Centro catalogador/agencia de origen |
DO-SdBNP |
| Lengua de catalogación |
spa |
| Centro/agencia transcriptor |
BNPHU |
| Normas de descripción |
rda |
| 082 #4 - NÚMERO DE LA CLASIFICACIÓN DECIMAL DEWEY |
| Número de documento/Ítem |
H746 |
| Número de edición |
22 |
| 240 ## - TÍTULO UNIFORME |
| Título uniforme |
Hollywood As Historian. American Film in Cultural Context / |
| 245 00 - MENCIÓN DE TÍTULO |
| Título |
Hollywood : El cine como fuente histórica : |
| Resto del título |
la cinematografía en el contexto social, político y cultural / |
| Mención de responsabilidad, etc. |
compilador Peter C. Rollins ; traducción Esteban Usabiaga |
| 264 ## - PRODUCCIÓN, PUBLICACIÓN, DISTRIBUCIÓN, FABRICACIÓN Y COPYRIGHT |
| Producción, publicación, distribución, fabricación y copyright |
Buenos Aires, Argentina : |
| Nombre del de productor, editor, distribuidor, fabricante |
Fraterna, |
| Fecha de producción, publicación, distribución, fabricación o copyright |
1987. |
| 300 ## - DESCRIPCIÓN FÍSICA |
| Extensión |
366 páginas : |
| Otras características físicas |
retratos |
| Dimensiones |
20 cm. |
| 336 ## - TIPO DE CONTENIDO |
| Fuente |
rdacontent |
| Término de tipo de contenido |
texto |
| Código de tipo de contenido |
txt |
| 337 ## - TIPO DE MEDIO |
| Fuente |
rdamedia |
| Nombre/término del tipo de medio |
sin mediación |
| Código del tipo de medio |
n |
| 338 ## - TIPO DE SOPORTE |
| Fuente |
rdacarrier |
| Nombre/término del tipo de soporte |
volumen |
| Código del tipo de soporte |
nc |
| 520 ## - SUMARIO, ETC. |
| Sumario, etc. |
Tomada de la introducción "Los mitos y símbolos de Hollywood son aspectos permanentes de la conciencia histórica norteamericana. En un modo obvio, los filmes estrictamente históricos han recreado las grandes luchas, o revivido personalidades históricas. Para esta compilación, dichos filmes están representados por The Birth of a Nation (1915) de D. W. Griffith, y Wilson (1944), de Darryl F. Zannuck. No satisfecho con la simple recreación del pasado, Hollywood ha intentado a menudo influir sobre el decurso de la historia mediante la producción de filmes conscientemente realizados para cambiar el enfoque público con respecto a asuntos de importancia política o social. Para ilustrar al respecto, se consideran aquí documentales de la era del New Deal; además, esta antología incluye un estudio en detalle de The Negro Soldier (1944), una película del tiempo de la guerra creada con el fin de alentar el orgullo y la comprensión racial." |
| 590 ## - NOTA LOCAL (RLIN) |
| Nota local |
Inventariado, 2024/ YL |
| 650 ## - PUNTO DE ACCESO ADICIONAL DE MATERIA--TÉRMINO DE MATERIA |
| Término de materia o nombre geográfico como elemento de entrada |
Los mongoles |
| Subdivisión general |
Historia. |
| 9 (RLIN) |
85844 |
| 700 ## - PUNTO DE ACCESO ADICIONAL--NOMBRE DE PERSONA |
| Nombre de persona |
Rollins, Peter C. |
| Término indicativo de función/relación |
compilador |
| 9 (RLIN) |
85747 |
| 700 ## - PUNTO DE ACCESO ADICIONAL--NOMBRE DE PERSONA |
| Nombre de persona |
Usabiaga, Esteban |
| Término indicativo de función/relación |
traducción |
| 9 (RLIN) |
62251 |
| 910 ## - DATOS DE OPCIÓN DEL USUARIO (OCLC) |
| Datos de opción del usuario |
YLockward |
| 942 ## - ELEMENTOS DE PUNTO DE ACCESO ADICIONAL (KOHA) |
| Fuente del sistema de clasificación o colocación |
Dewey Decimal Classification |
| Tipo de ítem Koha |
Libro |